<?xml version="1.0" encoding="UTF-8"?>
<record
    xmlns:xsi="http://www.w3.org/2001/XMLSchema-instance"
    xsi:schemaLocation="http://www.loc.gov/MARC21/slim http://www.loc.gov/standards/marcxml/schema/MARC21slim.xsd"
    xmlns="http://www.loc.gov/MARC21/slim">

  <leader>00854nam0a2200265   4500</leader>
  <controlfield tag="001">RU\NLR\ONL1\2373</controlfield>
  <controlfield tag="005">20250613113757.0</controlfield>
  <datafield tag="035" ind1=" " ind2=" ">
    <subfield code="a">(NLR Aleph) 009631126</subfield>
  </datafield>
  <datafield tag="090" ind1=" " ind2=" ">
    <subfield code="a">9494193</subfield>
    <subfield code="c">9494193</subfield>
  </datafield>
  <datafield tag="100" ind1=" " ind2=" ">
    <subfield code="a">20040106d1933    |||y0rusy50      ca</subfield>
  </datafield>
  <datafield tag="101" ind1="0" ind2=" ">
    <subfield code="a">chm</subfield>
  </datafield>
  <datafield tag="102" ind1=" " ind2=" ">
    <subfield code="a">RU</subfield>
  </datafield>
  <datafield tag="105" ind1=" " ind2=" ">
    <subfield code="a">y |||||||||</subfield>
  </datafield>
  <datafield tag="200" ind1="1" ind2=" ">
    <subfield code="a">&#x412;&#x43E;&#x43B;&#x433;&#x430;&#x442;&#x430;&#x448;</subfield>
    <subfield code="e">4 &#x44B;&#x434;&#x44D;&#x436;&#x430;&#x43D; 1905 &#x438;&#x439;&#x441;&#x44D; &#x440;&#x435;&#x432;&#x43E;&#x43B;&#x44C;&#x443;&#x442;&#x441;&#x43E; &#x436;&#x430;&#x43F;&#x44B;&#x43C; &#x43E;&#x43D;&#x447;&#x44B;&#x43A;&#x442;&#x44B;&#x448;&#x43E; &#x434;&#x440;&#x430;&#x43C;&#x44D;</subfield>
    <subfield code="f">[&#x41F;&#x435;&#x440;. &#x413;. &#x41F;&#x443;&#x448;&#x43A;&#x438;&#x43D;]</subfield>
  </datafield>
  <datafield tag="210" ind1=" " ind2=" ">
    <subfield code="a">&#x419;&#x43E;&#x448;&#x43A;&#x430;&#x440;-&#x41E;&#x43B;&#x430;</subfield>
    <subfield code="c">&#x41C;&#x430;&#x440;&#x433;&#x43E;&#x441;&#x438;&#x437;&#x434;&#x430;&#x442;</subfield>
    <subfield code="d">1933</subfield>
  </datafield>
  <datafield tag="215" ind1=" " ind2=" ">
    <subfield code="a">82 &#x441;.</subfield>
    <subfield code="d">17</subfield>
  </datafield>
  <datafield tag="541" ind1="1" ind2=" ">
    <subfield code="a">&#x417;&#x430;&#x440;&#x435;&#x432;&#x43E;</subfield>
    <subfield code="e">(&#x414;&#x440;&#x430;&#x43C;&#x430; &#x432; 4 &#x434;.)</subfield>
    <subfield code="z">rus</subfield>
  </datafield>
  <datafield tag="686" ind1="1" ind2=" ">
    <subfield code="a">&#x428;6(2=&#x41C;&#x430;&#x440;)-91&#x420;7-6</subfield>
  </datafield>
  <datafield tag="700" ind1=" " ind2="1">
    <subfield code="a">&#x413;&#x430;&#x439;&#x434;&#x43E;&#x432;&#x441;&#x43A;&#x438;&#x439;</subfield>
    <subfield code="b">&#x413;.</subfield>
    <subfield code="4">070</subfield>
  </datafield>
  <datafield tag="801" ind1=" " ind2="0">
    <subfield code="a">RU</subfield>
    <subfield code="b">NLR</subfield>
    <subfield code="c">20040106</subfield>
    <subfield code="g">PSBO</subfield>
  </datafield>
  <datafield tag="852" ind1=" " ind2=" ">
    <subfield code="a">NLR</subfield>
    <subfield code="b">&#x41E;&#x41D;&#x41B;</subfield>
    <subfield code="j">&#x41C;&#x430;&#x440;.&#x43B;./2-255</subfield>
  </datafield>
  <datafield tag="942" ind1=" " ind2=" ">
    <subfield code="c">BOOK</subfield>
  </datafield>
  <datafield tag="980" ind1=" " ind2=" ">
    <subfield code="a">NB</subfield>
  </datafield>
  <datafield tag="995" ind1=" " ind2=" ">
    <subfield code="5">2013-10-26</subfield>
    <subfield code="b">NLR01</subfield>
    <subfield code="c">NLR01</subfield>
    <subfield code="e">ONL</subfield>
    <subfield code="f">1-2414455</subfield>
    <subfield code="k">&#x41C;&#x430;&#x440;.&#x43B;./2-255</subfield>
    <subfield code="o">0</subfield>
    <subfield code="r">BOOK</subfield>
    <subfield code="s">2255_</subfield>
  </datafield>
</record>
